000 00716nam a2200217 4500
003 OSt
005 20240726004624.0
006 a
008 240726b |||||||| |||| 00| 0 eng d
020 _a9780763762711
040 _aDWCL-HMN lib.
_cOC
082 _2Third edition
_aCirc. 610.73076 R454 2009
110 _aNational League for Nursing Testing Division
245 _aReview guide for RN pre-entrance exam /
250 _aThird edition
260 _aSudbury, Mass. :
_bJones and Bartlett Pub.,
_cc2009.
300 _axi,
_b407 p. : ill. ;
_c28 cm.
504 _aIncludes bibliographical references.
650 _a1. Nursing-Examinations, questions, etc.
942 _2ddc
_n0
_cBK-CIRC
_eThird edition
_kCirc.
999 _c2762
_d2762